| LEADER |
00580nam0a2200157 450 |
| 001 |
16825397 |
| 010 |
|
|
|a 978-2-7548-1691-5
|b rel.
|d 19
|
| 100 |
|
|
|a 20160923d2026 u u0frey01 ba
|
| 200 |
0 |
|
|a Déconfiture (La)
|f Pascal Rabaté
|
| 207 |
|
1 |
|a
|
| 210 |
|
|
|a [Paris]
|c Futuropolis
|d DL2016
|
| 215 |
|
|
|a 1 vol. (93 p.)
|c tout en ill. en noir et blanc, couv. ill. en coul.
|d 30 cm
|
| 700 |
|
0 |
|a Rabaté
|b Pascal
|f 1961-....
|4 70
|
| 900 |
|
|
|a Bandes déssinées ADULTE
|
| 901 |
|
|
|a Accessible au prêt
|
| 995 |
|
|
|a Bibliothèque
|c Bibliothèque
|f 024017401
|h 024017401
|k BDA RAB
|o p
|q a
|r az
|e Bibliothèque
|